[Event "Yerevan Asrian Memorial 10th"]
[Site "Yerevan"]
[Date "2017.06.22"]
[Round "2"]
[White "Bekbauov, Noel"]
[Black "Kononenko, Vsevolod"]
[Result "0-1"]
[WhiteElo "1327"]
[BlackElo "2019"]
[PlyCount "76"]
[EventDate "2017.06.21"]
[EventType "swiss"]
[EventRounds "9"]
[EventCountry "ARM"]
[SourceTitle "EXT 2018"]
[Source "ChessBase"]
[SourceDate "2017.10.13"]
[SourceVersion "1"]
[SourceVersionDate "2017.10.13"]
[SourceQuality "1"]

1. e4 c6 2. d4 d5 3. Nc3 dxe4 4. Nxe4 Nd7 5. Nf3 Ngf6 6. Nxf6+ Nxf6 7. Bf4 Bg4 8. h3 Bxf3 9. Qxf3 Qxd4 10. c3 Qe4+ 11. Qxe4 Nxe4 12. Bd3 Nc5 13. Bc2 e6 14. b4 Nd7 15. 0-0-0 a5 16. b5 Ba3+ 17. Kb1 Nb6 18. bxc6 bxc6 19. Bg3 Be7 20. Rhe1 Nd5 21. Kb2 0-0 22. Bb3 a4 23. Bc4 Ra7 24. Kc2 Ra5 25. Rd2 Rc5 26. Bxd5 cxd5 27. Rd4 a3 28. Ra4 Rc6 29. Kd3 Rfc8 30. Rc1 h6 31. Ra7 Bb4 32. Ra4 Rxc3+ 33. Rxc3 Rxc3+ 34. Kd4 Rc4+ 35. Ke3 f6 36. f4 Rc3+ 37. Kd4 Rxg3 38. Rxb4 Rxg2 0-1

[Event "Yerevan Asrian Memorial 10th"]
[Site "Yerevan"]
[Date "2017.06.21"]
[Round "1"]
[White "Kononenko, Vsevolod"]
[Black "Yeoh, Li Tian"]
[Result "0-1"]
[WhiteElo "2019"]
[BlackElo "2471"]
[PlyCount "70"]
[EventDate "2017.06.21"]
[EventType "swiss"]
[EventRounds "9"]
[EventCountry "ARM"]
[SourceTitle "EXT 2018"]
[Source "ChessBase"]
[SourceDate "2017.10.13"]
[SourceVersion "1"]
[SourceVersionDate "2017.10.13"]
[SourceQuality "1"]

1. e4 e5 2. Nf3 Nc6 3. d4 exd4 4. Nxd4 Nge7 5. Be3 Nxd4 6. Bxd4 Nc6 7. Bc3 Qg5 8. Qd2 Qg6 9. Qe2 Bc5 10. Nd2 d6 11. g3 Bd7 12. Bg2 0-0-0 13. 0-0-0 Rde8 14. Nb3 Bb6 15. Qd2 Ne5 16. Bd4 Bg4 17. Bxe5 Bxd1 18. Bxg7 Qxg7 19. Rxd1 Kb8 20. a4 a6 21. a5 Ba7 22. f4 Qh6 23. h3 Rhg8 24. g4 f5 25. gxf5 Rg3 26. Re1 Reg8 27. Bf1 Rf3 28. Kb1 Qxf4 29. Bc4 Rg1 30. Rxg1 Bxg1 31. Qd5 Ka7 32. Qe6 Re3 33. Bd5 Qf1+ 34. Ka2 Qb5 35. c3 Re1 0-1